| 000 | 01454nam a2200373 c 4500 | ||
|---|---|---|---|
| 001 | 53572 | ||
| 003 | ES-MaCES | ||
| 005 | 20250219111331.0 | ||
| 008 | 250210s2024 sp 000 | spa d | ||
| 017 |
_aM 14073-2024 _bDL |
||
| 020 | _a9788410703537 | ||
| 040 |
_aES-MaCES _bspa _cES-MaCES |
||
| 100 | 1 |
_941291 _aDanesi, Cecilia Celeste |
|
| 245 | 1 | 0 |
_aDerechos del consumidor en la encrucijada de la inteligencia artificial _b: la necesaria reforma de la Directiva de productos defectuosos _cDanesi, Cecilia Celeste |
| 260 |
_aMadrid _bDykinson _c[2024] |
||
| 300 |
_a345 p. _c23 cm |
||
| 504 | _aBibliografía: p. 319-345 | ||
| 541 | _cCompra | ||
| 610 | 1 | 7 |
_aUnión Europea _tDirectiva relativa a la aproximación de las disposiciones legales, reglamentarias y administrativas de los Estados Miembros en materia de responsabilidad por los daños causados por productos defectuosos, 1985 _941302 |
| 650 | 4 |
_aconsumidor _927902 |
|
| 650 | 4 |
_ainteligencia artificial _930166 |
|
| 650 | 4 |
_aevaluación del impacto _930732 |
|
| 650 | 4 |
_abien de consumo _927906 |
|
| 650 | 4 |
_adaños _928726 |
|
| 650 | 4 |
_aresponsabilidad civil _929046 |
|
| 650 | 4 |
_aprotección del consumidor _929407 |
|
| 650 | 4 |
_aderecho civil _927156 |
|
| 650 | 4 |
_aDirectiva de la CE _929873 |
|
| 650 | 4 |
_aderecho comunitario _929866 |
|
| 650 | 4 |
_areforma legislativa _929892 |
|
| 653 | 1 | 0 | _aDerecho comunitario |
| 902 | _aLIB Libro | ||
| 942 |
_2CES _cBK _h6.0.5. |
||
| 999 |
_c53572 _d53572 |
||